Global Critical Race Feminism. An International Reader.
Uloženo v:
| Další autoři: | , |
|---|---|
| Médium: | Kniha |
| Vydáno: |
New York, USA:
New York University Press,
2000.
|
| Edice: | Critical America
|
| Témata: | |
| Tagy: |
Přidat tag
Žádné tagy, Buďte první, kdo vytvoří štítek k tomuto záznamu!
|
MARC
| LEADER | 00000nam a22000007a 4500 | ||
|---|---|---|---|
| 003 | CL-VaPUC | ||
| 005 | 20230525113712.0 | ||
| 008 | 230519t2000 ||||| |||| 00| 0 eng d | ||
| 999 | |c 440912 |d 440910 | ||
| 020 | |a 0-8147-9388-X | ||
| 040 | |c Pontificia Universidad Católica de Valparaíso | ||
| 082 | |a 346.0134 WIN 2000 | ||
| 100 | 1 | |a Wing, Adrien Katherine |e editor |9 882401 | |
| 245 | |a Global Critical Race Feminism. |b An International Reader. | ||
| 260 | |a New York, USA: |b New York University Press, |c 2000. | ||
| 300 | |a 451 páginas. | ||
| 490 | |a Critical America | ||
| 500 | |a c.1 Donación Edu Memo 16/5/2023. | ||
| 583 | |c 20230519 |k Catalogador Asistente | ||
| 650 | |a Minority women |x Legal status, laws, etc. |9 882403 | ||
| 650 | |a Mujeres |x Minorías |v Leyes |9 882442 | ||
| 700 | |a Davis, Angela Y. |e foreword |9 882402 | ||
| 942 | |2 ddc |c BK | ||
| 952 | |0 0 |1 0 |2 ddc |4 0 |6 346_013400000000000_WIN_2000 |7 0 |8 A |9 590091 |a BIBEDU |b BIBEDU |d 2023-05-19 |e Donación |i 5657466 |o 346.0134 WIN 2000 |p 5657466 |r 2023-05-19 |t 1 |w 2023-05-19 |y BK |k LIT | ||